000 00491nam a2200169Ia 4500
008 090711s9999 xx 000 0 und d
082 _b56790
100 _aप्रफुल्ल दत्त
245 _aरेशमी लडया
260 _c1965
300 _a120
600 _aप्रफुल्ल दत्त
630 _aरेशमी लडया
700 _aप्रफुल्ल दत्त
730 _aरेशमी लडया
942 _cBOOK
999 _c314099
_d314099